Normal view MARC view
  • Saeed, Muhammad Hamza

Entry Personal Name

Number of records used in: 7

001 - CONTROL NUMBER

  • control field: 125975

003 - CONTROL NUMBER IDENTIFIER

  • control field: NUST

005 - DATE AND TIME OF LATEST TRANSACTION

  • control field: 20240923103510.0

008 - FIXED-LENGTH DATA ELEMENTS

  • fixed length control field: 240923|| aca||aabn | a|a d

040 ## - CATALOGING SOURCE

  • Original cataloging agency: NUST
  • Transcribing agency: NUST

100 ## - HEADING--PERSONAL NAME

  • Personal name: Saeed, Muhammad Hamza

670 ## - SOURCE DATA FOUND

  • Source citation: Work cat.: (NUST): Saeed, Muhammad Hamza , Speech to Speech Translation with Emotion Detection /, 2024
© 2023 Central Library, National University of Sciences and Technology. All Rights Reserved.